Statistics for 90s rock bands by first names

Click here to take the quiz!

General Stats

  • This quiz has been taken 516 times
    (489 since last reset)
  • The average score is 4 of 10

Answer Stats

HintAnswer% Correct
dave, kurt, kristnirvana
93%
mike, stone, jeff, eddiepearl jam
72%
chad, john, mike, anthonyred hot chili peppers
68%
sean, mike, jerry, laynealice in chains
49%
ben, matt, kim, chrissoundgarden
47%
shannon, brad, rogers, christopher, glenblind melon
23%
larry, les, timprimus
21%
w, saul, jeffrey, michael, stevenguns n' roses
15%
brad, eric, floydsublime
11%
bryan, kevin, ron, gregthe offspring
6%

Score Distribution

Percentile by Number Answered

Percent of People with Each Score

Your Score History

You have not taken this quiz since the last reset